Travel notebook : the regions of Barcelona the regions of Barcelona
Descripción Física:
27 p. : il. col. ; 24 cm
Materias:
Turisme -- Barcelona (Província)
MARC
| LEADER | 00000nam a2200000Ia 4500 | ||
|---|---|---|---|
| 001 | 23726 | ||
| 008 | 160829s2013 xx 000 0 cat d | ||
| 080 | |a FU-62-23 | ||
| 245 | |a Travel notebook : |b the regions of Barcelona | ||
| 260 | |a Barcelona : |b Diputació de Barcelona, |c 2013 | ||
| 300 | |a 27 p. : |b il. col. ; |c 24 cm | ||
| 590 | |a Text en anglès. Hi ha un altre exemplar en castellà amb R. 23728, en català amb R. 23879 i en francès amb R. 23888 | ||
| 650 | 0 | |a Turisme |z Barcelona (Província) |9 32796 | |
| 710 | 1 | |a Barcelona (Catalunya : Província). |b Diputació |9 52408 | |
| 856 | |u www.barcelonaismuchmore.com | ||
| 901 | |a Arxiu | ||
| 942 | |n 1 | ||
| 952 | |0 0 |1 0 |4 0 |6 FU6223 |7 1 |9 56057 |a Arxiu |b Arxiu |d 2016-12-01 |l 0 |o FU-62-23 |p 23726 |r 2016-12-01 00:00:00 |w 2016-12-01 |y ARXIU | ||
| 999 | |c 59931 |d 59931 | ||